| 000 | 00337nam a2200145Ia 4500 | ||
|---|---|---|---|
| 008 | 200615s9999||||xx |||||||||||||| ||und|| | ||
| 020 | _a8185015589 | ||
| 082 |
_a4 _bCJD-A |
||
| 100 | _aC.J.DATE | ||
| 245 | 3 | _aAN INTRODUCTION TO DATABASE SYSTEMS | |
| 250 | _a3RD | ||
| 260 |
_anew delhi _bNAROSA _c2017 |
||
| 300 | _a1349 | ||
| 942 | _cBK | ||
| 999 |
_c29813 _d29813 |
||